00664nam a2200205 a 4500001001000000003000400010005001700014008004100031040002500072049000900097100003700106245006100143260004800204300002000252490002200272830002800294942001400322952010500336999001700441000027968OSt20260321073641.0110406s1979 dr 000 0 spa d aDO-SdBNPbspacBNPHU aBNPD1 a Bosch, Juan, d1909-200197655510aBase teórica de los metodos de trabajo. /cJuan Bosch. aSanto Domingo, :bImprenta Mercedes,c1979. a21 p. ;c14 cm.1 aEstudios sociales 0aEstudios sociales97147 2ddccLBS1 0010718PDaPDbPDcCTd2011-04-06iLF1l0o p27968-10r2020-06-25w2020-06-25yLFPDZNo se presta c27460d27460